|
|
|
|
| LEADER |
00000cam a2200000 a 4500 |
| 001 |
vtls001088395 |
| 003 |
SK-MaSNL |
| 005 |
20260301062352.0 |
| 008 |
220509s1986 xo l frnp 10000 slo |
| 015 |
|
|
|a SNBA1986/07
|
| 035 |
|
|
|a SNK000031235
|
| 035 |
|
|
|a urn:nbn:sk:snk-am3izr8
|
| 035 |
|
|
|a 9640ED20-8E2E-4B18-9FE9-4E1738FDD01C
|
| 035 |
|
|
|a urn:nbn:sk:snk-am00gjjx
|
| 040 |
|
|
|a SNK
|b slo
|c SNK
|e AACR2
|
| 041 |
0 |
|
|a slo
|
| 044 |
|
|
|a xo
|c SK
|
| 072 |
|
7 |
|a 33
|x Ekonómia
|2 konspekt
|
| 080 |
|
|
|a 33:002(082)(075.8)
|2 1997
|
| 080 |
|
|
|a 002(082)(075.8)
|2 1997
|
| 080 |
|
|
|a 002
|2 1997
|
| 080 |
|
|
|a 33(082)(075.8)
|2 1997
|
| 080 |
|
|
|a 658.562(082)(075.8)
|2 1997
|
| 080 |
|
|
|a 33
|2 2011
|
| 080 |
|
|
|a 659.23
|2 2011
|
| 080 |
|
|
|a (082)
|2 2011
|
| 080 |
|
|
|a (075.8)
|2 2011
|
| 080 |
|
|
|a 35.078.3:336
|2 2011
|
| 245 |
0 |
0 |
|a Doplňujúce učebné texty z ekonomických informácií a kontroly
|b zborník
|c Ján Laca
|
| 250 |
|
|
|a 1. vyd.
|
| 260 |
|
|
|a Bratislava
|b Vysoká škola ekonomická
|c 1986
|
| 300 |
|
|
|a 195 strán
|b tabuľky
|c 29 cm
|
| 366 |
|
|
|e 150 kusov
|
| 490 |
1 |
|
|a Vysokoškolské skriptá
|
| 504 |
|
|
|a Obsahuje bibliografiu
|
| 650 |
0 |
7 |
|a ekonomika
|2 SNKPH
|9 789
|
| 650 |
0 |
7 |
|a ekonomické informácie
|2 SNKPH
|9 29336
|
| 650 |
0 |
7 |
|a finančná kontrola
|2 SNKPH
|9 74203
|
| 655 |
|
7 |
|a zborníky
|2 SNKPH
|9 70165
|
| 655 |
|
7 |
|a učebnice vysokých škôl
|2 SNKPH
|9 70191
|
| 700 |
1 |
|
|a Laca, Ján,
|d 1925-
|4 com
|9 39227
|
| 810 |
2 |
|
|a Vysoká škola ekonomická v Bratislave
|t Vysokoškolské skriptá
|9 222320
|
| 954 |
|
|
|a odborná, vedecká literatúra pôvodná (slovenská)
|2 lita
|
| 958 |
|
|
|a OND
|
| 958 |
|
|
|a ART
|
| 958 |
|
|
|a NB
|
| 999 |
|
|
|c 620397
|d 622327
|
| 952 |
|
|
|a SNK
|b SNK
|y PREZ
|7 0
|p 17A0836237
|o snkSB 40445
|0 0
|1 0
|4 0
|d 2012-05-07
|f 1
|l 0
|r 2025-04-25 00:00:00
|w 2026-02-23
|
| 952 |
|
|
|t P60, <04>, [BOOK], {604}
|a SNK
|b SNK
|y VYP
|7 0
|p 17A0205327
|o snkSB 40445 D1
|0 0
|1 0
|4 0
|d 1999-08-05
|l 0
|r 2004-12-31 00:00:00
|w 2026-02-23
|